000 00372nam a22001577a 4500
005 20160526141824.0
008 160526b xxu||||| |||| 00| 0 eng d
041 _aeng
082 _b5271
100 _aPandey I.M.
_9247
245 _aManagement Accounting
260 _aNew Delhi
_bAcademic Faundation
_c1999
300 _a608
650 _aManagement
_9241
942 _cBK
999 _c1844
_d1843